[Event "Graz op"]
[Site "Graz"]
[Date "2006.09.17"]
[Round "2.19"]
[White "Kainrath, Florian"]
[Black "Granabetter, Josef"]
[Result "1-0"]
[WhiteElo "2080"]
[BlackElo "1996"]
[PlyCount "117"]
[EventDate "2006.09.16"]

1. e4 c5 2. d4 cxd4 3. c3 d3 4. Bxd3 g6 5. c4 Bg7 6. Nf3 d6 7. h3 Nc6 8. O-O
Nf6 9. Nc3 O-O 10. Bg5 Nd7 11. Qd2 Nc5 12. Rfe1 Nxd3 13. Qxd3 h6 14. Be3 Qa5
15. Nd5 Kh7 16. Bd2 Qd8 17. Bc3 Ne5 18. Nxe5 Bxe5 19. Rad1 Bxc3 20. Qxc3 Be6
21. e5 Bxd5 22. Rxd5 Rc8 23. exd6 exd6 24. Qd4 Rc6 25. Rd1 Qc7 26. b3 Re8 27.
Rxd6 Re1+ 28. Rxe1 Rxd6 29. Qxa7 Ra6 30. Qe3 Rxa2 31. g3 Qd7 32. Qe7 Qf5 33.
Qe3 Rb2 34. Qd4 Rb1 35. Qe3 Rb2 36. Kg2 Qf6 37. Rd1 Qc6+ 38. Kh2 Qf6 39. Kg2
Qc6+ 40. Rd5 Qf6 41. Rb5 Qc6+ 42. Qf3 Rb1 43. Qxc6 bxc6 44. Rb7 Kg7 45. Kf3 Kf6
46. Ke4 Rd1 47. Rb6 Rd6 48. b4 Ke7 49. Rb7+ Ke6 50. Rc7 f5+ 51. Ke3 Ke5 52. f4+
Kf6 53. b5 cxb5 54. cxb5 Rd1 55. b6 Ke6 56. b7 Rb1 57. Kd4 Kd6 58. Rg7 Kc6 59.
Ke5 1-0

[Event "Graz op"]
[Site "Graz"]
[Date "2006.09.17"]
[Round "2.20"]
[White "Spelec, Darko"]
[Black "Barlotti, Gabriele"]
[Result "1-0"]
[WhiteElo "2063"]
[BlackElo "1747"]
[PlyCount "62"]
[EventDate "2006.09.16"]

1. d4 d5 2. Nf3 Nf6 3. c4 e6 4. g3 b6 5. cxd5 exd5 6. Bg2 Bd6 7. O-O O-O 8. Nc3
c6 9. Bg5 Be7 10. Re1 Nbd7 11. Rc1 Bb7 12. a3 h6 13. Bf4 Nh5 14. Bd2 Nhf6 15.
Nh4 Re8 16. Nf5 Nf8 17. e4 dxe4 18. Nxe4 Nxe4 19. Bxe4 Rc8 20. Qf3 Ne6 21. Bxh6
Ng5 22. Qg4 gxh6 23. Nxh6+ Kg7 24. Nf5+ Kf8 25. h4 Ne6 26. Qh5 Bf6 27. Qh6+ Bg7
28. Nxg7 Nxg7 29. Qh8+ Ke7 30. Qxg7 Kd7 31. Bf5+ Kc7 1-0

[Event "Graz op"]
[Site "Graz"]
[Date "2006.09.17"]
[Round "2.21"]
[White "Westermayer, Johann"]
[Black "Huber, Adolf"]
[Result "0-1"]
[WhiteElo "1865"]
[BlackElo "2058"]
[PlyCount "122"]
[EventDate "2006.09.16"]

1. Nf3 c5 2. c4 Nf6 3. Nc3 Nc6 4. d4 cxd4 5. Nxd4 g6 6. e4 Bg7 7. Be3 d6 8. Be2
O-O 9. O-O Bd7 10. Qd2 Re8 11. Rac1 Qc8 12. b3 Ng4 13. Bxg4 Bxg4 14. f3 Bd7 15.
Nd5 e6 16. Nc3 Bf8 17. Ndb5 Qb8 18. Rfd1 Bc8 19. Bh6 Be7 20. Bg5 a6 21. Bxe7
Rxe7 22. Na3 Rd7 23. Qf2 Qc7 24. Nab1 Rb8 25. c5 dxc5 26. Rxd7 Bxd7 27. Qxc5 b6
28. Qe3 b5 29. Nd1 Qa5 30. Qd2 Qb6+ 31. Kh1 Rd8 32. Qc3 Be8 33. Ne3 h5 34. g4
Nd4 35. Qc7 Qxc7 36. Rxc7 Nxf3 37. gxh5 gxh5 38. Ra7 Bc6 39. Kg2 Nd2 40. Nxd2
Rxd2+ 41. Kf3 Rxa2 42. Kf4 b4 43. Nc4 Re2 44. Rxa6 Rxe4+ 45. Kg5 Bd5 46. Kh6
Rf4 47. Rb6 Rf6+ 48. Kxh5 Kg7 49. Rxb4 Rh6+ 50. Kg4 Rxh2 51. Ne3 Bh1 52. Rf4
Re2 53. Nc4 Bd5 54. Nd6 e5 55. Rb4 Be6+ 56. Kf3 Rd2 57. Nc4 Rd4 58. Ra4 Kf6 59.
Ke3 Kf5 60. Ra1 Bxc4 61. bxc4 Rxc4 0-1

[Event "Graz op"]
[Site "Graz"]
[Date "2006.09.18"]
[Round "3.1"]
[White "Shengelia, Davit"]
[Black "Schnider, Gert"]
[Result "1-0"]
[WhiteElo "2490"]
[BlackElo "2270"]
[PlyCount "49"]
[EventDate "2006.09.16"]

1. Nf3 Nf6 2. b3 d5 3. Bb2 e6 4. g3 c5 5. Bg2 Bd6 6. O-O Nc6 7. d4 cxd4 8. Nxd4
O-O 9. c4 Nxd4 10. Qxd4 e5 11. Qd2 d4 12. e3 dxe3 13. Qxe3 Qe7 14. Nc3 Bc5 15.
Qf3 Rb8 16. Rae1 Re8 17. Nd5 Qd6 18. Nxf6+ gxf6 19. Qh5 Qf8 20. Bh3 Kh8 21.
Bxc8 Rexc8 22. Re4 b5 23. Rh4 Qg8 24. Rg4 Qe8 25. Qh6 1-0

[Event "Graz op"]
[Site "Graz"]
[Date "2006.09.18"]
[Round "3.2"]
[White "Pilaj, Herwig"]
[Black "Balinov, Ilia"]
[Result "0-1"]
[WhiteElo "2380"]
[BlackElo "2454"]
[PlyCount "60"]
[EventDate "2006.09.16"]

1. d4 Nf6 2. c4 e6 3. Nf3 b6 4. Nc3 Bb4 5. Bg5 h6 6. Bh4 Bb7 7. Nd2 Nc6 8. e3
Ne7 9. f3 Nf5 10. Bf2 c5 11. a3 cxd4 12. exd4 Bxc3 13. bxc3 O-O 14. Bd3 d5 15.
O-O Ba6 16. Qc2 Qc8 17. cxd5 Nxd5 18. Bxf5 Bxf1 19. Bh7+ Kh8 20. Rxf1 f5 21.
Bxf5 exf5 22. c4 h5 23. c5 Qa6 24. Qb3 Rad8 25. Bg3 Qa5 26. Bd6 Qxd2 27. Qxd5
Rfe8 28. c6 Qe3+ 29. Kh1 Qf2 30. Qb5 Re1 0-1

[Event "Graz op"]
[Site "Graz"]
[Date "2006.09.18"]
[Round "3.3"]
[White "Zakharchenko, Arnold"]
[Black "Krumpacnik, Domen"]
[Result "1-0"]
[WhiteElo "2275"]
[BlackElo "2385"]
[PlyCount "175"]
[EventDate "2006.09.16"]

1. d4 Nf6 2. c4 e6 3. Nf3 Bb4+ 4. Bd2 Qe7 5. g3 O-O 6. Bg2 Bxd2+ 7. Qxd2 d6 8.
Nc3 e5 9. O-O c6 10. e4 a5 11. d5 cxd5 12. Nxd5 Nxd5 13. cxd5 Nd7 14. Rfc1 Nc5
15. Qe3 Bd7 16. Nd2 h6 17. Nc4 b5 18. Nxd6 Na4 19. Nf5 Bxf5 20. exf5 Rac8 21.
b3 Nc5 22. f6 Qd6 23. Rc3 Nd7 24. fxg7 Kxg7 25. Rac1 Rxc3 26. Rxc3 Nf6 27. Rc6
Qe7 28. Qc5 Qxc5 29. Rxc5 Rb8 30. d6 Nd7 31. Rc7 Rd8 32. Bd5 Kf6 33. Rb7 b4 34.
f3 Kg6 35. Ra7 Nb6 36. Bxf7+ Kf6 37. Bh5 Rxd6 38. Rxa5 Nd5 39. h4 Nc3 40. Kf2
Rd2+ 41. Ke3 Rg2 42. Ra6+ Kg7 43. Rg6+ Kh7 44. Kd3 Nxa2 45. Ke4 Nc1 46. Kxe5
Nxb3 47. Kf6 Rc2 48. Rg7+ Kh8 49. Rb7 Rc6+ 50. Kf7 Nc5 51. Rxb4 Rc7+ 52. Kg6
Rc6+ 53. Kf5 Nd7 54. Rb5 Rf6+ 55. Kg4 Rd6 56. f4 Nf6+ 57. Kh3 Rd3 58. Rb8+ Kg7
59. Rb7+ Kh8 60. Bg6 Re3 61. h5 Kg8 62. Rf7 Ne4 63. Ra7 Nxg3 64. Kh4 Ne2 65.
Kg4 Rg3+ 66. Kf5 Rf3 67. Kf6 Rxf4+ 68. Bf5 Rxf5+ 69. Kxf5 Nd4+ 70. Kg6 Ne6 71.
Kxh6 Nf8 72. Kg5 Nh7+ 73. Kf5 Nf8 74. Kf6 Nh7+ 75. Kg6 Nf8+ 76. Kh6 Ne6 77. Re7
Nf8 78. Rg7+ Kh8 79. Rg1 Nh7 80. Ra1 Kg8 81. Ra7 Nf8 82. Kg5 Nh7+ 83. Kf5 Nf8
84. h6 Nh7 85. Rg7+ Kh8 86. Ke6 Nf8+ 87. Ke7 Nh7 88. Rg4 1-0

[Event "Graz op"]
[Site "Graz"]
[Date "2006.09.18"]
[Round "3.5"]
[White "Schachinger, Mario"]
[Black "Zupe, Miran"]
[Result "0-1"]
[WhiteElo "2277"]
[BlackElo "2378"]
[PlyCount "102"]
[EventDate "2006.09.16"]

1. e4 e5 2. Nf3 Nc6 3. Bb5 a6 4. Ba4 Nf6 5. O-O Be7 6. Re1 b5 7. Bb3 d6 8. c3
O-O 9. h3 Nb8 10. d4 Nbd7 11. Nbd2 Bb7 12. Bc2 Re8 13. Nf1 Bf8 14. Ng3 g6 15.
d5 c6 16. dxc6 Bxc6 17. a4 Qc7 18. axb5 axb5 19. Rxa8 Rxa8 20. Bg5 Bg7 21. Qd2
Nc5 22. h4 Ra2 23. Qc1 Qa7 24. Be3 Ng4 25. Rd1 Nxe3 26. Qxe3 Qe7 27. Qc1 Bf8
28. b4 Ne6 29. Bb3 Ra7 30. Bd5 Bxd5 31. Rxd5 Nc7 32. Rd1 Qe6 33. Qg5 Qb3 34.
Rc1 Ne6 35. Qe3 Ra2 36. Ne2 Qb2 37. Kf1 Bh6 38. Ng5 Nxg5 39. hxg5 Bxg5 40. Qxg5
Qxe2+ 41. Kg1 Qxf2+ 42. Kh1 Kg7 43. Qg4 Re2 44. Qf3 Qh4+ 45. Kg1 Rxe4 46. Qd3
Qf4 47. Rd1 Qe3+ 48. Qxe3 Rxe3 49. Rxd6 Rxc3 50. Rd5 e4 51. Rxb5 Rb3 0-1

[Event "Graz op"]
[Site "Graz"]
[Date "2006.09.18"]
[Round "3.6"]
[White "Fauland, Peter"]
[Black "Diermair, Andreas"]
[Result "1/2-1/2"]
[WhiteElo "2216"]
[BlackElo "2357"]
[PlyCount "69"]
[EventDate "2006.09.16"]

1. d4 Nf6 2. Nf3 d5 3. c3 g6 4. Bf4 Bg7 5. h3 O-O 6. e3 b6 7. Bd3 c5 8. Qe2 Nc6
9. Nbd2 Bb7 10. Ba6 Qc8 11. Bxb7 Qxb7 12. O-O Rfe8 13. Rfd1 Nd7 14. Nb3 e5 15.
dxe5 Ncxe5 16. Nxe5 Nxe5 17. Bxe5 Rxe5 18. Rd2 Rae8 19. Rad1 Qc6 20. Qa6 Rg5
21. Qf1 Qe6 22. h4 Re5 23. g3 Bf6 24. Qg2 Rd8 25. Nc1 Re4 26. Ne2 Be5 27. Qxe4
dxe4 28. Rxd8+ Kg7 29. b3 Qg4 30. R1d2 h5 31. R8d5 Bf6 32. Kh2 Bxh4 33. gxh4
Qxh4+ 34. Kg2 Qg4+ 35. Kh2 1/2-1/2

[Event "Graz op"]
[Site "Graz"]
[Date "2006.09.18"]
[Round "3.9"]
[White "Wittmann, Walter"]
[Black "Kainrath, Florian"]
[Result "1-0"]
[WhiteElo "2361"]
[BlackElo "2080"]
[PlyCount "95"]
[EventDate "2006.09.16"]

1. e4 c5 2. Nf3 Nc6 3. d4 cxd4 4. Nxd4 Nf6 5. Nc3 e5 6. Ndb5 d6 7. Bg5 a6 8.
Na3 Be6 9. Nc4 Rc8 10. Nd5 Bxd5 11. Bxf6 gxf6 12. Qxd5 Nb4 13. Qd2 d5 14. exd5
Nxc2+ 15. Qxc2 Bb4+ 16. Kd1 b5 17. Qe4 bxc4 18. Bxc4 Qb6 19. Ke2 Bc5 20. b3 Rg8
21. Rhd1 Bxf2 22. Qf5 Rxc4 23. bxc4 Bd4 24. Qc8+ Ke7 25. Qxg8 Qb2+ 26. Rd2 Qxa1
27. d6+ Kxd6 28. Qxf7 Qg1 29. Qxf6+ Kc7 30. Qe7+ Kc6 31. Qe6+ Kc7 32. Qd5 Qf2+
33. Kd1 Qf1+ 34. Kc2 Qf5+ 35. Kb3 Qb1+ 36. Ka4 Qc1 37. Qf7+ Kc6 38. Qf3+ Kc5
39. Qd5+ Kb6 40. c5+ Kc7 41. Qd6+ Kc8 42. Qxa6+ Kc7 43. Qd3 h5 44. Rc2 Qb1 45.
Qb3 Qe1 46. c6 Bb6 47. Qf7+ Kd6 48. Qd7# 1-0

[Event "Graz op"]
[Site "Graz"]
[Date "2006.09.18"]
[Round "3.10"]
[White "Wallner, Dieter"]
[Black "Webersberger, Johann"]
[Result "1/2-1/2"]
[WhiteElo "2151"]
[BlackElo "2264"]
[PlyCount "46"]
[EventDate "2006.09.16"]

1. e4 d6 2. d4 g6 3. Nc3 a6 4. Nf3 Bg7 5. Be2 b5 6. a3 Nd7 7. O-O Bb7 8. Re1 e5
9. Bg5 f6 10. Be3 Ne7 11. Qd2 O-O 12. Bh6 Bxh6 13. Qxh6 c5 14. dxe5 dxe5 15.
Rad1 Qc7 16. a4 b4 17. Bc4+ Kh8 18. Nd5 Bxd5 19. Bxd5 Nxd5 20. exd5 Qd6 21. Nd2
f5 22. Nc4 Qf6 23. Qe3 Rae8 1/2-1/2

[Event "Graz op"]
[Site "Graz"]
[Date "2006.09.18"]
[Round "3.13"]
[White "Wanderer, Thomas"]
[Black "Kopinits, Anna-Christina"]
[Result "0-1"]
[WhiteElo "2206"]
[BlackElo "2096"]
[PlyCount "88"]
[EventDate "2006.09.16"]

1. e4 e5 2. Bc4 Nf6 3. d3 Nc6 4. Nc3 Na5 5. Qf3 Nxc4 6. dxc4 d6 7. Nge2 Be7 8.
Ng3 O-O 9. Nf5 c6 10. Nxe7+ Qxe7 11. Bg5 Qe6 12. Bxf6 Qxf6 13. Qxf6 gxf6 14.
O-O-O Be6 15. Rxd6 Rfd8 16. Rhd1 Rxd6 17. Rxd6 Kf8 18. b3 Ke7 19. Rd2 Rg8 20.
f3 f5 21. exf5 Bxf5 22. a4 a5 23. Nd1 Rd8 24. Ne3 Rxd2 25. Nxf5+ Kf6 26. Kxd2
Kxf5 27. Ke3 Ke6 28. g4 f5 29. h3 Kf6 30. c3 Kg5 31. b4 Kf6 32. h4 Ke6 33. c5
Kf6 34. bxa5 Ke6 35. gxf5+ Kxf5 36. c4 h6 37. a6 bxa6 38. h5 a5 39. Kd3 Kf4 40.
Ke2 e4 41. fxe4 Kxe4 42. Kf2 Kd4 43. Kf3 Kxc4 44. Ke4 Kb4 0-1

[Event "Graz op"]
[Site "Graz"]
[Date "2006.09.18"]
[Round "3.14"]
[White "Huber, Adolf"]
[Black "Zoebisch, Herbert"]
[Result "0-1"]
[WhiteElo "2058"]
[BlackElo "2194"]
[PlyCount "44"]
[EventDate "2006.09.16"]

1. e4 e5 2. Nf3 Nc6 3. Nc3 Nf6 4. d4 exd4 5. Nxd4 Bb4 6. Nxc6 bxc6 7. Bd3 d5 8.
exd5 Qe7+ 9. Be2 Nxd5 10. Qd3 Bf5 11. Qc4 O-O 12. O-O Nb6 13. Qf4 Bxc2 14. Bf3
Bxc3 15. bxc3 Nd5 16. Qd2 Bg6 17. c4 Nb6 18. Bxc6 Rad8 19. Qc3 Rd3 20. Qb2 Nxc4
21. Qb5 Na3 22. Bg5 f6 0-1

[Event "Graz op"]
[Site "Graz"]
[Date "2006.09.18"]
[Round "3.17"]
[White "Hatzl, Johannes"]
[Black "Dobay, Klaus"]
[Result "1-0"]
[WhiteElo "2113"]
[BlackElo "2004"]
[PlyCount "109"]
[EventDate "2006.09.16"]

1. e4 d5 2. exd5 Qxd5 3. Nc3 Qa5 4. d4 c6 5. Bc4 Nf6 6. Bd2 Qc7 7. Qe2 Bf5 8.
h3 h5 9. Nf3 e6 10. d5 cxd5 11. Bxd5 a6 12. Nd4 Nxd5 13. Nxf5 Nf6 14. O-O-O
Nbd7 15. g3 Qe5 16. Qxe5 Nxe5 17. Bf4 Nfd7 18. Rhe1 Nc6 19. Bg5 Nce5 20. Nd6+
Bxd6 21. Rxd6 f6 22. Bf4 Ke7 23. Bxe5 Nxe5 24. Rb6 Rab8 25. f4 Nc6 26. Ne4 Kd7
27. Rb3 Kc7 28. Nc5 e5 29. fxe5 Nxe5 30. Ne6+ Kd6 31. Nxg7 b5 32. Rf1 Ke7 33.
Ra3 Rb6 34. Rf5 Kf7 35. Nxh5 Kg6 36. g4 Re8 37. Nf4+ Kg7 38. Nh5+ Kg6 39. Nf4+
Kg7 40. Re3 Rd6 41. Nh5+ Kg6 42. Nf4+ Kg7 43. b3 Rc8 44. g5 Nc6 45. Ne6+ Kh8
46. Rxf6 Nb4 47. Rf8+ Rxf8 48. Nxf8 Nxa2+ 49. Kb2 Nb4 50. Re2 Rd1 51. Ne6 Nd5
52. g6 b4 53. Rf2 Ne7 54. Rf8+ Ng8 55. Rf7 1-0

[Event "Graz op"]
[Site "Graz"]
[Date "2006.09.18"]
[Round "3.18"]
[White "Cojhter, Karel"]
[Black "Zechner, Andrea"]
[Result "1-0"]
[WhiteElo "2089"]
[BlackElo "1884"]
[PlyCount "81"]
[EventDate "2006.09.16"]

1. e4 c6 2. Nc3 d5 3. Nf3 Bg4 4. h3 Bxf3 5. Qxf3 e6 6. d3 Bd6 7. Bd2 Nf6 8. g4
d4 9. Ne2 Qb6 10. O-O-O Nbd7 11. g5 Ne5 12. Qg2 Nfd7 13. f4 Ng6 14. h4 O-O-O
15. Qf2 c5 16. Kb1 Ne7 17. Nc1 Kb8 18. Nb3 Nc6 19. e5 Bc7 20. Bg2 Qa6 21. Rh3
Ba5 22. Bxc6 Bxd2 23. Bxd7 Be3 24. Qf3 Qb6 25. Ba4 Qb4 26. Bc6 bxc6 27. Qxc6
Rc8 28. Qd6+ Ka8 29. Qd7 Rhf8 30. c3 Qb6 31. Rf3 Qa6 32. c4 Qb6 33. f5 Rc7 34.
Qd6 Rcc8 35. fxe6 Qxd6 36. exd6 fxe6 37. Rxf8 Rxf8 38. Nxc5 Rd8 39. Rf1 a5 40.
d7 Kb8 41. Rf7 1-0

[Event "Graz op"]
[Site "Graz"]
[Date "2006.09.18"]
[Round "3.19"]
[White "Brunner, Gerhard"]
[Black "Neuberger, Marco"]
[Result "1/2-1/2"]
[WhiteElo "2027"]
[BlackElo "1958"]
[PlyCount "111"]
[EventDate "2006.09.16"]

1. e4 c5 2. Nf3 Nc6 3. d4 cxd4 4. Nxd4 Nf6 5. Nc3 d6 6. Be3 Ng4 7. Bb5 Nxe3 8.
fxe3 Bd7 9. O-O e6 10. Qf3 Qf6 11. Qe2 Qg5 12. Nf3 Qh5 13. Qf2 f6 14. Rad1 Be7
15. Be2 a6 16. Nd2 Qc5 17. Qg3 O-O-O 18. Nc4 Ne5 19. Rd4 b5 20. Na5 g5 21. Qe1
Kb8 22. b4 Qc7 23. Bxb5 Bxb5 24. Nxb5 axb5 25. Qe2 Nc4 26. Nxc4 bxc4 27. Rxc4
Qb7 28. Rc3 Rc8 29. Ra3 Qc6 30. Ra6 Qc4 31. Qxc4 Rxc4 32. a3 Kb7 33. Ra5 Ra8
34. Rxa8 Kxa8 35. e5 dxe5 36. Rd1 Kb7 37. Rd7+ Rc7 38. Rxc7+ Kxc7 39. c4 Kb6
40. Kf2 e4 41. Ke2 f5 42. Kd2 e5 43. g3 h5 44. h3 g4 45. hxg4 hxg4 46. Ke2 Bd8
47. Kf2 Bc7 48. Kg2 Ka6 49. Kf2 Kb6 50. Kg2 Bd6 51. Kf2 Bc5 52. Ke2 Kc6 53. Kd2
Be7 54. Ke2 Kb6 55. Kf2 Bd6 56. Ke2 1/2-1/2

[Event "Graz op"]
[Site "Graz"]
[Date "2006.09.18"]
[Round "3.20"]
[White "Barlotti, Gabriele"]
[Black "Bergen, Klaus"]
[Result "0-1"]
[WhiteElo "1747"]
[BlackElo "1997"]
[PlyCount "42"]
[EventDate "2006.09.16"]

1. d4 Nf6 2. c4 g6 3. Nc3 Bg7 4. e4 d6 5. Be2 O-O 6. Nf3 e5 7. d5 a5 8. Bg5 h6
9. Be3 Ng4 10. Bd2 f5 11. h3 Nxf2 12. Kxf2 fxe4 13. Kg1 exf3 14. Bxf3 Na6 15.
Qc1 Kh7 16. h4 Nc5 17. h5 g5 18. Ne4 g4 19. Ng5+ hxg5 20. Bxg5 Qe8 21. h6 Bh8
0-1

[Event "Graz op"]
[Site "Graz"]
[Date "2006.09.18"]
[Round "3.21"]
[White "Granabetter, Josef"]
[Black "Westermayer, Johann"]
[Result "1-0"]
[WhiteElo "1996"]
[BlackElo "1865"]
[PlyCount "91"]
[EventDate "2006.09.16"]

1. e4 c5 2. Nf3 g6 3. Nc3 Bg7 4. Bc4 e6 5. d3 Nc6 6. O-O b6 7. Bg5 Bf6 8. Bf4
a6 9. e5 Be7 10. Ne4 b5 11. Bb3 Na5 12. Qe2 Nxb3 13. axb3 Bb7 14. Nd6+ Bxd6 15.
exd6 Qb6 16. Ng5 Qc6 17. f3 h6 18. Ne4 f5 19. Be5 Rh7 20. Ng3 h5 21. h4 Nh6 22.
Qe3 Nf7 23. Ne2 Nxe5 24. Qxe5 Qd5 25. Qxd5 Bxd5 26. Nf4 Bb7 27. Nxg6 Rg7 28.
Nf4 O-O-O 29. Rae1 Rdg8 30. Re5 Kb8 31. Rxc5 Rc8 32. Rxc8+ Kxc8 33. Nxh5 Rh7
34. g4 Bc6 35. Kh2 Rh6 36. Kg3 e5 37. Ng7 f4+ 38. Kh3 Rg6 39. Nf5 Re6 40. h5
Kd8 41. g5 Re8 42. g6 Bd5 43. Kg4 Be6 44. Kg5 Bxf5 45. Kxf5 Rf8+ 46. Kg5 1-0

[Event "Graz op"]
[Site "Graz"]
[Date "2006.09.19"]
[Round "4.1"]
[White "Balinov, Ilia"]
[Black "Shengelia, Davit"]
[Result "1/2-1/2"]
[WhiteElo "2454"]
[BlackElo "2490"]
[PlyCount "20"]
[EventDate "2006.09.16"]

1. e4 e6 2. d4 d5 3. Nd2 dxe4 4. Nxe4 Nd7 5. Nf3 Ngf6 6. Nxf6+ Nxf6 7. Bd3 c5
8. dxc5 Bxc5 9. O-O O-O 10. Bg5 Be7 1/2-1/2

[Event "Graz op"]
[Site "Graz"]
[Date "2006.09.19"]
[Round "4.4"]
[White "Zoebisch, Herbert"]
[Black "Danner, Georg"]
[Result "1/2-1/2"]
[WhiteElo "2194"]
[BlackElo "2411"]
[PlyCount "106"]
[EventDate "2006.09.16"]

1. d4 f5 2. g3 Nf6 3. Bg2 e6 4. c4 Be7 5. Nf3 d6 6. O-O O-O 7. Nc3 Qe8 8. Qc2
Nc6 9. d5 Nb4 10. Qb3 Na6 11. dxe6 Nc5 12. Qc2 Bxe6 13. Nb5 Qc8 14. Nfd4 Bd7
15. Nc3 c6 16. Bg5 a5 17. Rad1 Qe8 18. Bxf6 Rxf6 19. e3 Qf7 20. b3 Re8 21. Rfe1
Bd8 22. Re2 Bb6 23. Red2 Qe7 24. h4 Ne4 25. Rd3 Nc5 26. R3d2 Ne4 27. Rd3 Rg6
28. Nce2 Rf6 29. Nf4 Bc5 30. Qb2 Rb8 31. a3 d5 32. cxd5 Bxa3 33. Qc2 c5 34. d6
Rxd6 35. Qc4+ Qf7 36. Qxf7+ Kxf7 37. Nc2 Rxd3 38. Rxd3 Bb5 39. Rd5 Bb2 40.
Rxf5+ Nf6 41. Rxc5 Ba6 42. Rc7+ Kg8 43. Nd4 Bxd4 44. exd4 b5 45. Ne6 a4 46. Nc5
axb3 47. Nxb3 b4 48. Bf1 Bb7 49. Bc4+ Kh8 50. Kf1 h5 51. Rc5 Bf3 52. Be2 Bd5
53. Bc4 Bf3 1/2-1/2

[Event "Graz op"]
[Site "Graz"]
[Date "2006.09.19"]
[Round "4.5"]
[White "Krumpacnik, Domen"]
[Black "Schuurman, Petra"]
[Result "1-0"]
[WhiteElo "2385"]
[BlackElo "2219"]
[PlyCount "123"]
[EventDate "2006.09.16"]

1. d4 Nf6 2. Nf3 e6 3. Bg5 h6 4. Bh4 b6 5. Nbd2 Bb7 6. c3 d6 7. Qc2 Nbd7 8. e4
g5 9. Bg3 Nh5 10. Nc4 Qe7 11. Ne3 Bg7 12. Nd2 O-O-O 13. O-O-O Kb8 14. f3 Nxg3
15. hxg3 c5 16. Nb3 h5 17. Kb1 h4 18. g4 cxd4 19. Nxd4 Ne5 20. Qa4 Rc8 21. Ba6
Rhd8 22. Nb5 Nc6 23. Rd3 Be5 24. Rhd1 Bf4 25. Bxb7 Kxb7 26. Nc4 d5 27. exd5
exd5 28. Rxd5 Rxd5 29. Rxd5 Rd8 30. Qd1 a6 31. Rxd8 Qxd8 32. Qxd8 Nxd8 33. Nd4
b5 34. Na5+ Kb6 35. Nab3 a5 36. Kc2 a4 37. Nd2 Nb7 38. Ne4 Na5 39. b3 a3 40.
Kd3 Ka6 41. Nc2 Bc1 42. Nd6 f6 43. Nd4 Bf4 44. N6xb5 Nxb3 45. Nxa3 Nc1+ 46. Kc2
Kb6 47. Nc4+ Kc5 48. Nb2 Nxa2 49. Nd3+ Kc4 50. Nxf4 Nxc3 51. Nfe2 Nd5 52. Nf5
Nb4+ 53. Kd2 Kd5 54. Ne3+ Ke5 55. Kc3 Nc6 56. Kc4 Ne7 57. Kc5 f5 58. Nxf5 Nxf5
59. gxf5 Kxf5 60. Kd4 g4 61. Ke3 h3 62. gxh3 1-0

[Event "Graz op"]
[Site "Graz"]
[Date "2006.09.19"]
[Round "4.6"]
[White "Kopinits, Anna-Christina"]
[Black "Pilaj, Herwig"]
[Result "1/2-1/2"]
[WhiteElo "2096"]
[BlackElo "2380"]
[PlyCount "42"]
[EventDate "2006.09.16"]

1. e4 e6 2. d4 d5 3. Nd2 Nf6 4. e5 Nfd7 5. f4 c5 6. c3 Nc6 7. Ndf3 f5 8. Bd3
cxd4 9. cxd4 Nb6 10. a3 Bd7 11. Ne2 Be7 12. O-O O-O 13. b3 a5 14. Nc3 a4 15.
Nxa4 Nxa4 16. bxa4 Na5 17. Bd2 Nc4 18. Qb3 Nxd2 19. Nxd2 Rxa4 20. Nf3 Qa8 21.
Bb5 Bxb5 1/2-1/2

[Event "Graz op"]
[Site "Graz"]
[Date "2006.09.19"]
[Round "4.7"]
[White "Brem, Stephan"]
[Black "Wittmann, Walter"]
[Result "0-1"]
[WhiteElo "2142"]
[BlackElo "2361"]
[PlyCount "97"]
[EventDate "2006.09.16"]

1. Nc3 c5 2. e4 Nc6 3. g3 g6 4. Bg2 Bg7 5. d3 d6 6. Be3 Rb8 7. Qd2 b5 8. Nge2
b4 9. Nd1 Nd4 10. c3 Nxe2 11. Qxe2 bxc3 12. bxc3 Qa5 13. Qd2 Ba6 14. O-O Nf6
15. h3 Nd7 16. f4 O-O 17. Rc1 Qa3 18. h4 Bb5 19. Bh3 Ba4 20. Bxd7 Bxd7 21. f5
gxf5 22. exf5 Kh8 23. Bg5 f6 24. Be3 Bc6 25. c4 Rg8 26. Rc3 Qa6 27. Kh2 Rb1 28.
Rb3 Ra1 29. Rb2 Ba8 30. Qe2 Qa3 31. Qc2 Qa6 32. Qe2 Qa3 33. Qc2 Bf8 34. Rg1 Qa6
35. Nc3 Rxg1 36. Bxg1 Qc8 37. Qf2 Bh6 38. Ne4 Qa6 39. Qe2 Qa3 40. Rb3 Qc1 41.
Rc3 Qa1 42. Rc2 Qe5 43. Qf3 Bxe4 44. dxe4 Rxg3 45. Qxg3 Bf4 46. Rg2 Qxe4 47.
Kh3 Bxg3 48. Rxg3 Qxf5+ 49. Kh2 0-1

[Event "Graz op"]
[Site "Graz"]
[Date "2006.09.19"]
[Round "4.8"]
[White "Diermair, Andreas"]
[Black "Nickl, Klaus"]
[Result "1-0"]
[WhiteElo "2357"]
[BlackElo "2181"]
[PlyCount "81"]
[EventDate "2006.09.16"]

1. e4 e5 2. Nf3 Nc6 3. Bb5 a6 4. Ba4 Nf6 5. O-O Be7 6. Re1 b5 7. Bb3 d6 8. c3
O-O 9. h3 Na5 10. Bc2 c5 11. d4 Qc7 12. Nbd2 Nc6 13. d5 Nd8 14. a4 Rb8 15. b3
Ne8 16. Nf1 g6 17. axb5 axb5 18. N3h2 f6 19. f4 Ng7 20. Ng3 exf4 21. Bxf4 Nf7
22. Ng4 Bxg4 23. Qxg4 Ne5 24. Qe2 b4 25. Bd2 bxc3 26. Bxc3 Ra8 27. Ra4 Qb7 28.
Kh2 Rfb8 29. Rea1 Ne8 30. Nf1 Nc7 31. Ne3 Rxa4 32. bxa4 Na6 33. Bd3 Nxd3 34.
Qxd3 Nb4 35. Qe2 Qa6 36. Qg4 Qc8 37. Qg3 Qd7 38. Rf1 Rf8 39. Ng4 Kg7 40. Qh4 h5
41. Nxf6 1-0

[Event "Graz op"]
[Site "Graz"]
[Date "2006.09.19"]
[Round "4.9"]
[White "Schnider, Gert"]
[Black "Fauland, Peter"]
[Result "1-0"]
[WhiteElo "2270"]
[BlackElo "2216"]
[PlyCount "139"]
[EventDate "2006.09.16"]

1. d4 d6 2. e4 Nf6 3. Nc3 g6 4. f4 Bg4 5. Qd3 c6 6. Be3 d5 7. e5 Bf5 8. Qd2 Ne4
9. Nxe4 Bxe4 10. Ne2 f5 11. Ng3 e6 12. Nxe4 fxe4 13. O-O-O Qb6 14. g4 Na6 15.
f5 O-O-O 16. fxe6 Re8 17. h4 Rxe6 18. g5 Kb8 19. h5 c5 20. dxc5 Bxc5 21. Bxc5
Qxc5 22. Bxa6 Rxa6 23. Qxd5 Qxd5 24. Rxd5 Rxa2 25. Kb1 Ra6 26. Rd4 Re6 27. Rxe4
Kc7 28. c4 Rf8 29. hxg6 hxg6 30. Rh7+ Kc6 31. Rg7 Rf5 32. Rd4 Rfxe5 33. Rdd7
Rxg5 34. Rxb7 a5 35. Rgc7+ Kd6 36. Rc8 Rf5 37. Ka2 g5 38. Ra8 Rc5 39. b3 Ree5
40. Rg7 Ke6 41. Rag8 Kf6 42. Rg6+ Kf7 43. R8g7+ Kf8 44. Ka3 Rf5 45. Rb7 Rce5
46. Ra6 Kg8 47. Ka4 Kf8 48. Ra8+ Re8 49. Rxa5 Rxa5+ 50. Kxa5 g4 51. Rd7 Re5+
52. Kb6 g3 53. Rd2 Rg5 54. Rg2 Rg6+ 55. Kb5 Ke7 56. Kc5 Kd7 57. Kd5 Rg8 58. Ke5
Kc6 59. Kf4 Kc5 60. Rxg3 Rf8+ 61. Ke4 Kb4 62. Kd5 Rd8+ 63. Kc6 Rc8+ 64. Kd6
Rd8+ 65. Kc7 Rh8 66. Rg6 Kxb3 67. c5 Kb4 68. c6 Rh1 69. Kb6 Rg1 70. Rxg1 1-0

[Event "Graz op"]
[Site "Graz"]
[Date "2006.09.19"]
[Round "4.10"]
[White "Wallner, Dieter"]
[Black "Aschenbrenner, Robert"]
[Result "1/2-1/2"]
[WhiteElo "2151"]
[BlackElo "2280"]
[PlyCount "81"]
[EventDate "2006.09.16"]

1. e4 c6 2. d4 Na6 3. Nc3 Nc7 4. Nf3 g6 5. Be2 Bg7 6. O-O d5 7. h3 Nf6 8. e5
Ng8 9. Bd3 h5 10. Ne2 Nh6 11. Nh4 Nf5 12. Nxf5 Bxf5 13. Bxf5 gxf5 14. Ng3 e6
15. Nxh5 Rg8 16. Nxg7+ Rxg7 17. Qh5 Kd7 18. h4 Qg8 19. Bg5 Re8 20. f4 Kc8 21.
Qf3 Kb8 22. a4 Rc8 23. b4 Qe8 24. Rfb1 Na8 25. Kf2 Rh7 26. Ke2 Nb6 27. a5 Nc4
28. Rb3 b6 29. axb6 Nxb6 30. Rba3 Rc7 31. Ra6 Qd7 32. Qd3 Rb7 33. c3 Rh8 34.
Bf6 Rg8 35. Bg5 f6 36. exf6 Nc4 37. R6a2 Nd6 38. Ra6 Ne4 39. R6a2 Qf7 40. Qf3
Rc8 41. Kd3 1/2-1/2

[Event "Graz op"]
[Site "Graz"]
[Date "2006.09.19"]
[Round "4.11"]
[White "Hatzl, Johannes"]
[Black "Schachinger, Mario"]
[Result "0-1"]
[WhiteElo "2113"]
[BlackElo "2277"]
[PlyCount "158"]
[EventDate "2006.09.16"]

1. e4 e5 2. Nf3 Nc6 3. Bb5 a6 4. Ba4 Nf6 5. O-O Be7 6. Re1 b5 7. Bb3 O-O 8. d4
d6 9. c3 exd4 10. cxd4 Bg4 11. Be3 Na5 12. Bc2 c5 13. dxc5 dxc5 14. Nc3 Qc7 15.
e5 Rad8 16. Qe2 Nd5 17. Qd3 Nf6 18. exf6 Rxd3 19. fxe7 Qxe7 20. Bxd3 c4 21. Be4
b4 22. Bb6 bxc3 23. Bxa5 cxb2 24. Rab1 Qa3 25. Ne5 Qxa5 26. Nxc4 Qxa2 27. Bd5
Be6 28. Rxb2 Qa4 29. Bxe6 fxe6 30. Ne5 Qd4 31. Rbe2 Re8 32. Nf3 Qb6 33. Ra2 e5
34. Rea1 e4 35. Rxa6 Qd8 36. Ne1 Rf8 37. R6a2 Qd4 38. Rc1 h5 39. Re2 Rb8 40.
Rcc2 Rb1 41. Re3 Qa4 42. Rce2 Rb4 43. f3 exf3 44. Nxf3 Rb1+ 45. Ne1 Qd4 46. Kh1
Rb2 47. Nf3 Qd1+ 48. Re1 Qc2 49. Rg1 Qf2 50. Re5 g6 51. Rg5 Kh7 52. Re5 Kh6 53.
Rg5 Rb3 54. Re5 h4 55. Ng5 Rd3 56. Nh3 Qd4 57. Rg5 Ra3 58. Rb5 Qc4 59. Rg5 Qc6
60. Re5 Rxh3 61. Rge1 Rd3 62. Kg1 Rd2 63. R5e2 Qc5+ 64. Kf1 Qc4 65. Kf2 Qf4+
66. Kg1 Rxe2 67. Rxe2 Qc1+ 68. Kf2 Qh1 69. h3 Qh2 70. Re3 Qf4+ 71. Rf3 Qd4+ 72.
Re3 Kg5 73. Kf3 Qd2 74. Re2 Qd1 75. Kf2 Kf4 76. Re1 Qd4+ 77. Kf1 Kg3 78. Re3+
Kh2 79. Re2 Qg1# 0-1